| 000 | 01182nas a2200349 4500 | ||
|---|---|---|---|
| 001 | BR2011003979 | ||
| 003 | BR-BrBNA | ||
| 005 | 20231205115515.0 | ||
| 007 | ta | ||
| 008 | 230509b bl.|||p| |||| 00| 00por d | ||
| 040 |
_aBR-BrBNA _bpor _cBiblioteca Nacional de Agricultura |
||
| 041 | _a(Pt) | ||
| 072 | _aL70 | ||
| 100 | 1 | _aColomé, L.M. | |
| 100 | 1 | _aPippi, N.L. | |
| 100 | 1 | _aContesini, E.A. | |
| 100 | 1 | _aGuterres, S.S. | |
| 100 | 1 | _aGomes, C. | |
| 100 | 1 | _aColomé, L.M. | |
| 100 | 1 | _aGuimarães, K.M. | |
| 100 | 1 | _aFoerstnow, L.P. | |
| 100 | 1 | _aJornada, D.S. | |
| 245 | 1 | _aEfeito da utilização de ácidos graxos poliinsaturados ômega-3 microparticulados na cicatrização de enteroanastomose experimental em ratos: resultantes preliminares | |
| 246 | 1 | _aMicroparticulate poliunsatured fat acids (n-3)in the ileal enteroanastomosis healing in rats: preliminary results | |
| 650 | _aRATO | ||
| 650 | _aCOBAIA | ||
| 650 | _aFISIOPATOLOGIA | ||
| 650 | _aÁCIDO GRAXO | ||
| 773 | 0 |
_tVeterinária em Foco (Brazil) _xISSN 1679-5237 _g(Jul-Dec 2009), v. 7(1) p. 69-78 _wBR2011003979 |
|
| 909 |
_a202311 _bLúcia _c55 _dLúcia Elande |
||
| 942 |
_2AGRIS _n0 _cANA |
||
| 999 |
_c214153 _d214153 |
||